| 000 | 01406nam a2200337 a 4500 | ||
|---|---|---|---|
| 001 | ebr10677729 | ||
| 003 | CaPaEBR | ||
| 006 | m u | ||
| 007 | cr cn||||||||| | ||
| 008 | 130403s2013 si sb 001 0 eng d | ||
| 020 | _z9781118550175 | ||
| 020 | _z9781118550229 (e-book) | ||
| 040 |
_aCaPaEBR _cCaPaEBR |
||
| 035 | _a(OCoLC)841171712 | ||
| 050 | 1 | 4 |
_aHG103 _b.M35 2013eb |
| 082 | 0 | 4 |
_a174.4 _223 |
| 100 | 1 | _aMalloch, Theodore Roosevelt. | |
| 245 | 1 | 4 |
_aThe end of ethics and a way back _h[electronic resource] : _bhow to fix a fundamentally broken global financial system / _cTheodore Roosevelt Malloch, Jordan D. Mamorsky. |
| 260 |
_aSingapore : _bWiley, _c2013. |
||
| 300 | _axlviii, 253 p. | ||
| 504 | _aIncludes bibliographical references and index. | ||
| 505 | 0 | _apt. 1. Economic vice -- pt. 2. Recommendations. | |
| 533 |
_aElectronic reproduction. _bPalo Alto, Calif. : _cebrary, _d2013. _nAvailable via World Wide Web. _nAccess may be limited to ebrary affiliated libraries. |
||
| 650 | 0 |
_aFinancial services industry _xMoral and ethical aspects. |
|
| 650 | 0 |
_aFinancial services industry _xManagement. |
|
| 650 | 0 | _aBusiness ethics. | |
| 655 | 7 |
_aElectronic books. _2local |
|
| 700 | 1 | _aMamorsky, Jordan D. | |
| 710 | 2 | _aebrary, Inc. | |
| 856 | 4 | 0 |
_uhttp://site.ebrary.com/lib/rucke/Doc?id=10677729 _zAn electronic book accessible through the World Wide Web; click to view |
| 999 |
_c59296 _d59296 |
||